<?xml version="1.0" encoding="UTF-8"?>
<marc:record xmlns:marc="http://www.loc.gov/MARC21/slim">
   <marc:leader>00000nam a2200000 a 4500</marc:leader>
   <marc:datafield ind1="1" ind2=" " tag="100">
      <marc:subfield code="a">Urschitz, Josef</marc:subfield>
      <marc:subfield code="4">aut</marc:subfield>
      <marc:subfield code="e">Verfasser/-in</marc:subfield>
   </marc:datafield>
   <marc:datafield ind1=" " ind2=" " tag="653">
      <marc:subfield code="a">Politik</marc:subfield>
   </marc:datafield>
   <marc:datafield ind1=" " ind2=" " tag="653">
      <marc:subfield code="a">Reform</marc:subfield>
   </marc:datafield>
   <marc:datafield ind1="0" ind2="0" tag="245">
      <marc:subfield code="a">Stillstand</marc:subfield>
   </marc:datafield>
   <marc:datafield ind1="0" ind2="0" tag="245">
      <marc:subfield code="b">Wie der Reformstau unseren Wohlstand gefährdet</marc:subfield>
   </marc:datafield>
   <marc:datafield ind1=" " ind2="1" tag="264">
      <marc:subfield code="a">Graz</marc:subfield>
      <marc:subfield code="b">Verlagsgruppe Styria</marc:subfield>
      <marc:subfield code="c">2017</marc:subfield>
   </marc:datafield>
   <marc:datafield ind1="1" ind2=" " tag="520">
      <marc:subfield code="a">In Österreich wächst die allgemeine Unzufriedenheit. Ausländerfeindlichkeit und Chauvinismus sind wieder salonfähig, die Menschen suchen nach einfachen Lösungen für eine komplexer werdende Welt.             Wann haben die Politiker die Bodenhaftung und den Kontakt zu ihren Wählern verloren? Wie ist Österreich 'von der Überholspur auf den Pannenstreifen' (&amp;amp;#x00a9; Hannes Androsch) geraten? Josef Urschitz zeigt auf, wie der Reformstau unseren Wohlstand bedroht, und benennt Baustellen und Bremser - aber auch Wege aus dem Stillstand.  JOSEF URSCHITZ, geb. 1952, seit den späten 1970er-Jahren Wirtschaftsjournalist. Zuerst freie Mitarbeit bei diversen Magazinen und Tageszeitungen. Dann u. a. Wirtschaftsressortleiter bei der 'Austria Presse Agentur' und der Tageszeitung 'Die Presse'; zuletzt Wirtschaftskolumnist ('Urschitz meint', 'Die Bilanz', 'Let's Make Money') bei der 'Presse'.</marc:subfield>
   </marc:datafield>
   <marc:datafield ind1=" " ind2=" " tag="020">
      <marc:subfield code="a">9783222150036</marc:subfield>
      <marc:subfield code="9">9783222150036</marc:subfield>
   </marc:datafield>
   <marc:datafield ind1=" " ind2=" " tag="041">
      <marc:subfield code="a">ger</marc:subfield>
   </marc:datafield>
   <marc:datafield ind1=" " ind2=" " tag="300">
      <marc:subfield code="a">158 Seiten</marc:subfield>
   </marc:datafield>
</marc:record>
